Dynamics of heavy-ion collisions : proceedings of the 3rd Adriatic Europhysics Study Conference on the Dynamics of Heavy-ion Collisions, Hvar, Croatia, Yugoslavia, May 25-30, 1981 /

Bibliographic Details
Corporate Author: Adriatic Europhysics Conference on the Dynamics of Heavy-ion Collisions 1981) :.
Other Authors: Cindro, Nikola, Ricci, R. A., Greiner, Walter, 1935-2016
Format: Conference Proceeding Book
Language:English
Published: Amsterdam ; New York : North-Holland Pub. Co. ; [1981]
Subjects:

MARC

Tag First Indicator Second Indicator Subfields
LEADER 00000cam a22000008a 4500
001 in00000074933
005 20210904063333.0
008 811110s1981 ne a b 10000 eng
010 |a  81018850  
020 |a 044486332X (Elsevier North-Holland) 
035 |a (OCoLC)07976817 
035 |9 AAJ1808AM 
039 0 |a 2  |b 3  |c 3  |d 3  |e 3 
040 |a DLC  |c DLC  |d TXA  |d UtOrBLW 
049 |a TXAM  |c [1672526] 
050 0 0 |a QC794.6.C6  |b A37 1981 
082 0 |a 539/.6  |2 19 
111 2 |a Adriatic Europhysics Conference on the Dynamics of Heavy-ion Collisions  |n (3rd :  |d Hvar, Croatia) :  |c 1981) :. 
245 1 0 |a Dynamics of heavy-ion collisions :  |b proceedings of the 3rd Adriatic Europhysics Study Conference on the Dynamics of Heavy-ion Collisions, Hvar, Croatia, Yugoslavia, May 25-30, 1981 /  |c edited by Nikola Cindro, Renato A. Ricci and Walter Greiner. 
263 |a 8201 
264 1 |a Amsterdam ;  |a New York :  |b North-Holland Pub. Co. ;  |c [1981] 
264 2 |a New York, N.Y. :  |b Sole distributors for the U.S.A. and Canada, Elsevier North-Holland, 
264 4 |c ©1981 
300 |a xv, 382 pages :  |b illustrations ;  |c 23 cm. 
336 |a text  |b txt  |2 rdacontent 
337 |a unmediated  |b n  |2 rdamedia 
338 |a volume  |b nc  |2 rdacarrier 
504 |a Includes bibliographical references. 
650 0 |a Heavy ions  |v Congresses. 
700 1 |a Cindro, Nikola. 
700 1 |a Ricci, R. A. 
700 1 |a Greiner, Walter,  |d 1935-2016. 
999 |a MARS 
999 f f |s 5893115e-0e6f-38b2-9d24-41bb7ff24d05  |i 86271b58-9c92-34b7-a0fe-a0a1681b0b69  |t 0 
952 f f |p normal  |a Texas A&M University  |b College Station  |c Sterling C. Evans Library  |d Evans: Library Stacks  |t 0  |e QC794.6.C6 A37 1981  |h Library of Congress classification  |i unmediated -- volume  |m A14806209544 
998 f f |a QC794.6.C6 A37 1981  |t 0  |l Evans: Library Stacks